=LDR 00000nam 2200000 4500 =001 INLIS000000000014299 =005 20130612105557 =008 ***********************************Ind** =035 ##$$0010-061300000014299 =041 ##$$a Ind =082 ##$$a 616.025 =090 ##$$a 616.025, Rab a =100 ##$$a Rab, Tabrani =245 ##$$a Agenda gawat darurat=critical care jilid.2, Tabrani Rab =260 ##$$a Alumni6c1998 $b bandung =300 ##$$a xxxii, 671 hlm, Il, 21 cm =650 ##$$a Kesehatan =850 ##$$a NBPNMAT